Statistics for Is__country? #3

Click here to take the quiz!

General Stats

  • This quiz has been taken 45 times
  • The average score is 14 of 15

Answer Stats

QuestionAnswer% Correct
Is Queensland a country?No
100%
Is Alberta a country?No
98%
Is Freetown a country?No
98%
Is Oceania a country?No
98%
Is Tunisia a country?Yes
98%
Is San MarinoYes
98%
Is Honduras a country?Yes
98%
Is Arkansas a country?No
95%
Is Warsaw a country?No
95%
Is Lightraintoxicnow a country?No
93%
Is Palau a country?Yes
93%
Is El Salvador a country?Yes
93%
Is Maldives a country?Yes
90%
Is São Tomé and Príncipe a country?Yes
88%
Is french Guiana a country?No
80%

Score Distribution

Percentile by Number Answered

Percent of People with Each Score

Your Score History

You have not taken this quiz